What the Toyota cars sold in Brazil? Quiz Stats

 Plays Quiz not verified by Sporcle

Score 0/6 Timer 03:00
0 Plays Today
Model % Correct
Corolla
87.9%
Hilux
69%
Camry
63.8%
Rav4
60.3%
Land Cruiser Prado
15.5%
Hilux SW4
13.8%

You're not logged in!

Compare scores with friends on all Sporcle quizzes.
OR
Log In

Show Comments

Extras

Top Quizzes Today


Score Distribution

Your Account Isn't Verified!

In order to create a playlist on Sporcle, you need to verify the email address you used during registration. Go to your Sporcle Settings to finish the process.

Report this User

Report this user for behavior that violates our Community Guidelines.

Details: